000 00846nam a22002297a 4500
005 19970904051429.3
008 970904m19271929ii a 001 0aeng
010 _aENG-95793
020 _a9788183688581
_c200.00
035 _aEN-79326
037 _bDBAD/PUB
040 _aDPL
082 _aS
100 _aParthasarathy, Indira
245 _aHigh noon and other stories /
_cby Indira Parthasarathy; translation from Tamil by M. R. Sivaramakrishnan...[et.al]
260 _aChennai
_bIndian Writing an imprint of New Horizon Media
_c2009
270 _bChennai
_e600018
_a33/15, Eldams Road,
300 _a207p. ;
_c22 cm.(Pbk)
942 _2ddc
_cEN
_mPAR
_hS
999 _c33542
_d33542